000 00784nas a2200253 4500
001 BR0703551
003 BR-BrBNA
005 20231205110913.0
007 ta
008 230509b bl.|||p| |||| 00| 00por d
040 _aBR-BrBNA
_bpor
_cBiblioteca Nacional de Agricultura
041 _a(Pt)
072 _aK10
100 1 _aAlvino, F. de O.
100 1 _aRayol, B.P.
245 1 _aEfeito de diferentes substratos na germinação de Ochroma pyramidale (Cav. ex Lam.)Urb. (Bombacaceae)
650 _aPAU-DE-BALSA
650 _aSEMENTE
650 _aGERMINAÇÃO
650 _aSUBSTRATO DE CULTURA
773 0 _tCiência Florestal (Brazil)
_xISSN 0103-9954
_g(Jan-Jun 2007), v. 17(1-2) p. 71-75
_wBR0703551
909 _a202311
_bLúcia
_c55
_dLúcia Elande
942 _2AGRIS
_n0
_cANA
999 _c189687
_d189687